Vplyv vysokorýchlostných sietí a optimalizácia aplikácie HbbTV

Saved in:
Bibliographic Details
Main Author: Dubovský, Martin (Author)
Other Authors: Broniš, Roman (Thesis advisor)
Format: Manuscript Book
Language:Slovak
Published: 2017
Subjects:
Online Access:http://is.stuba.sk/zp/portal_zp.pl?podrobnosti=126911
Tags: Add Tag
No Tags, Be the first to tag this record!

MARC

LEADER 00000ntm a22000003a 4500
001 stuzp64649
003 SK-STU
005 20170624213724.9
007 ta
008 150427s2015----xo-----f-mn---000-0-slo-d
040 |a STU  |b slo 
041 0 |a slo 
100 1 |a Dubovský, Martin  |u 070400  |4 aut  |U FIIT Fakulta informatiky a informačných technológií  |T FIIT Ústav počítačového inžinierstva a aplikovanej informatiky  |X 51167  |U I400  |Y 672  |7 51167 
242 0 1 |a High speed network impact and optimalisation of HbbTV application  |y eng 
245 1 0 |a Vplyv vysokorýchlostných sietí a optimalizácia aplikácie HbbTV 
260 |c 2017 
650 4 |a HbbTV  |2 slo 
650 4 |a CDN  |2 slo 
650 4 |a SDN  |2 slo 
650 4 |a VPN  |2 slo 
650 4 |a HbbTV  |2 eng 
650 4 |a SDN  |2 eng 
650 4 |a CDN  |2 eng 
650 4 |a VPN  |2 eng 
700 1 |a Broniš, Roman  |4 ths  |X 47960  |7 47960 
856 4 |u http://is.stuba.sk/zp/portal_zp.pl?podrobnosti=126911 
996 |b 11116  |c I* DP27/17  |l II680  |s P  |a 0  |w stuzp64649_0001